[Event "27th CRO-chT 1A-Men 2018"]
[Site "Biograd"]
[Date "2018.09.12"]
[Round "5.29"]
[White "Medak, Bojan"]
[Black "Dutina, Dario"]
[Result "0-1"]
[WhiteElo "2367"]
[BlackElo "2245"]
[Annotator "NA"]
[PlyCount "56"]
[EventDate "2018.09.08"]
[EventType "team-tourn"]
[EventCountry "CRO"]
[SourceTitle "playchess.com"]
[Source "ChessBase"]
[SourceQuality "1"]
[TimeControl "40/5400+30:1800+30"]

1. c4 {[%emt 0:00:30]} e5 {[%emt 0:00:30]} 2. Nc3 {[%emt 0:00:30]} Nf6 {[%emt 0:00:30]} 3. Nf3 {[%emt 0:01:30]} Nc6 {[%emt 0:00:30]} 4. g3 {[%emt 0:01:30]} Bb4 {[%emt 0:04:30]} 5. Bg2 {[%emt 0:01:30]} O-O {[%emt 0:01:30]} 6. O-O {[%emt 0:01:30]} Bxc3 {[%emt 0:05:30]} 7. bxc3 {[%emt 0:00:30]} d6 {[%emt 0:00:30]} 8. d3 {[%emt 0:00:30]} h6 {[%emt 0:00:00]} 9. e4 {[%emt 0:01:30]} Be6 {[%emt 0:09:00]} 10. Nh4 {[%emt 0:05:30]} Ne7 {[%emt 0:10:30]} 11. f4 {[%emt 0:10:30]} exf4 {[%emt 0:03:30]} 12. gxf4 {[%emt 0:04:30]} Ng6 {[%emt 0:06:30]} 13. Nf3 {[%emt 0:20:30]} Bg4 {[%emt 0:00:30]} 14. Qe1 {[%emt 0:02:30]} Nh5 {[%emt 0:20:30]} 15. f5 {[%emt 0:11:30]} Ngf4 {[%emt 0:01:30]} 16. Bxf4 {[%emt 0:00:30]} Nxf4 {[%emt 0:00:30]} 17. Qe3 {[%emt 0:00:30]} g5 {[%emt 0:12:30]} 18. fxg6 {[%emt 0:15:10]} fxg6 {[%emt 0:00:00]} 19. Rab1 {[%emt 0:01:41]} b6 {[%emt 0:03:33]} 20. Rb2 {[%emt 0:02:37]} Qf6 {[%emt 0:08:44]} 21. Rc2 {[%emt 0:07:22]} Rf7 {[%emt 0:02:06]} 22. e5 {[%emt 0:03:02]} Re8 {[%emt 0:02:29]} 23. d4 {[%emt 0:01:25]} dxe5 {[%emt 0:02:31]} 24. Rcf2 {[%emt 0:04:00]} Bxf3 {[%emt 0:01:00]} 25. Bxf3 {[%emt 0:00:21]} Nh3+ {[%emt 0:00:12]} 26. Kg2 {[%emt 0:00:15]} Nxf2 {[%emt 0:00:30]} 27. Bd5 {[%emt 0:00:18]} Ng4 {[%emt 0:00:55]} 28. Qe2 {[%emt 0:01:50]} Ne3+ {[%emt 0:00:08]} 0-1

[Event "27th CRO-chT 1A-Men 2018"]
[Site "Biograd"]
[Date "2018.09.12"]
[Round "5.30"]
[White "Bozinovic, Bogdan"]
[Black "Filipovic, Marko"]
[Result "0-1"]
[WhiteElo "2229"]
[BlackElo "2321"]
[Annotator "ChessBase"]
[PlyCount "90"]
[EventDate "2018.09.08"]
[EventType "team-tourn"]
[EventCountry "CRO"]
[SourceTitle "playchess.com"]
[Source "ChessBase"]
[SourceQuality "1"]
[TimeControl "40/5400+30:1800+30"]

1. d4 {[%emt 0:01:30]} d5 {[%emt 0:00:30]} 2. c4 {[%emt 0:00:30]} c6 {[%emt 0:00:30]} 3. Nf3 {[%emt 0:00:30]} Nf6 {[%emt 0:00:30]} 4. Nc3 {[%emt 0:00:30]} g6 {[%emt 0:00:30]} 5. Bf4 {[%emt 0:03:30]} Bg7 {[%emt 0:02:30]} 6. e3 {[%emt 0:00:30]} O-O {[%emt 0:00:30]} 7. h3 {[%emt 0:09:30]} Ne4 {[%emt 0:14:30]} 8. Qb3 {[%emt 0:06:30]} Nxc3 {[%emt 0:05:30]} 9. bxc3 {[%emt 0:00:30]} Qa5 {[%emt 0:06:30]} 10. Be2 {[%emt 0:02:30]} dxc4 {[%emt 0:05:30]} 11. Bxc4 {[%emt 0:00:30]} b5 {[%emt 0:08:30]} 12. Be2 {[%emt 0:01:30]} Be6 {[%emt 0:00:30]} 13. Qb2 {[%emt 0:11:30]} Nd7 {[%emt 0:04:30]} 14. a4 {[%emt 0:06:30]} bxa4 {[%emt 0:03:30]} 15. O-O {[%emt 0:02:30]} Nb6 {[%emt 0:09:30]} 16. Rfc1 {[%emt 0:04:30]} Rac8 {[%emt 0:08:30]} 17. Qa3 {[%emt 0:03:30]} c5 {[%emt 0:03:30]} 18. Rab1 {[%emt 0:15:30]} Bc4 {[%emt 0:12:09]} 19. Bd1 {[%emt 0:03:30]} Bd3 {[%emt 0:01:51]} 20. Ra1 {[%emt 0:02:30]} Nd5 {[%emt 0:02:25]} 21. Bxa4 {[%emt 0:02:30]} cxd4 {[%emt 0:01:54]} 22. cxd4 {[%emt 0:00:30]} Rxc1+ {[%emt 0:02:13]} 23. Qxc1 {[%emt 0:00:30]} Nxf4 {[%emt 0:00:54]} 24. exf4 {[%emt 0:00:30]} Qb6 {[%emt 0:00:51]} 25. Qc3 {[%emt 0:02:02]} Bf5 {[%emt 0:00:46]} 26. Ne5 {[%emt 0:00:42]} Rc8 {[%emt 0:00:57]} 27. Qb3 {[%emt 0:00:40]} Qxd4 {[%emt 0:01:09]} 28. Rd1 {[%emt 0:02:01]} Qxf4 {[%emt 0:00:43]} 29. Nxf7 {[%emt 0:05:54]} e6 {[%emt 0:01:15]} 30. Nd6 {[%emt 0:02:31]} Rc1 {[%emt 0:01:29]} 31. Nxf5 {[%emt 0:02:13]} Rxd1+ {[%emt 0:00:26]} 32. Qxd1 {[%emt 0:00:08]} Qxf5 {[%emt 0:00:02]} 33. Qd8+ {[%emt 0:01:24]} Bf8 {[%emt 0:00:15]} 34. Bd7 {[%emt 0:00:55]} Qe5 {[%emt 0:01:26]} 35. Qe8 {[%emt 0:00:47]} Qe1+ {[%emt 0:00:15]} 36. Kh2 {[%emt 0:00:21]} Qxf2 {[%emt 0:00:22]} 37. Bxe6+ {[%emt 0:01:02]} Kg7 {[%emt 0:00:25]} 38. Qd7+ {[%emt 0:00:26]} Kh8 {[%emt 0:00:13]} 39. Bd5 {[%emt 0:01:19]} Bc5 {[%emt 0:01:16]} 40. Qe6 {[%emt 0:00:00]} Qf4+ {[%emt 0:00:00]} 41. Kh1 {[%emt 0:05:05]} Kg7 {[%emt 0:08:44]} 42. Qd7+ {[%emt 0:10:30]} Kh6 {[%emt 0:01:30]} 43. Qe6 {[%emt 0:03:59]} Qc1+ {[%emt 0:04:43]} 44. Kh2 {[%emt 0:00:09]} Bf2 {[%emt 0:00:17]} 45. h4 {[%emt 0:01:50]} Qf4+ {[%emt 0:00:39]} 0-1

[Event "27th CRO-chT 1A-Men 2018"]
[Site "Biograd"]
[Date "2018.09.15"]
[Round "8.1"]
[White "Ponkratov, Pavel"]
[Black "Bosiocic, Marin"]
[Result "1-0"]
[WhiteElo "2622"]
[BlackElo "2600"]
[Annotator "TA"]
[PlyCount "69"]
[EventDate "2018.09.08"]
[EventType "team-tourn"]
[EventCountry "CRO"]
[SourceTitle "playchess.com"]
[Source "ChessBase"]
[SourceQuality "1"]

{[%evp 9,69,22,25,25,27,27,47,45,43,41,50,56,60,51,49,49,49,53,43,37,71,69,77,62,60,64,56,64,59,64,190,203,110,97,91,45,335,331,416,422,415,414,384,114,404,414,401,401,372,378,380,376,379,366,366,366,489,483,627,631,812,812]} 1. d4 Nf6 2. c4 e6 3. Nf3 b6 4. g3 Ba6 5. Qc2 Bb7 6. Bg2 {E15: Queen's Indian: 4 g3 sidelines, 4 g3 Ba6 and 4 g3 Bb7 early deviations} Be7 (6... c5 7. d5 exd5 8. cxd5 Nxd5 9. O-O Nc6 10. Rd1 Be7 11. Qa4 Nf6 12. Nh4 O-O 13. Nf5 d5 14. Nc3 Nd4 15. Nxd4 cxd4 16. Qxd4 {½-½ (29) Fridman,D (2610)-Zhigalko,S (2610) Porticcio 2018}) 7. Nc3 d5 8. cxd5 {White is slightly better.} exd5 9. O-O Na6 $146 ({Predecessor:} 9... O-O 10. Bg5 h6 11. Bxf6 Bxf6 12. b4 {½-½ (12) Kupka,S (2355)-Sarwinski,M (2395) Litomerice 1986}) 10. Qa4+ Qd7 11. Qb3 O-O 12. Ne5 Qe6 13. Bg5 Rad8 14. f4 {[%cal Bf2f4,Bf4f5][%mdl 32]} c5 15. Nb5 h6 16. f5 Qc8 17. Nxa7 Qa8 18. Bxf6 $1 Bxf6 19. Nb5 $1 (19. Qxb6 Rb8 $15) 19... h5 (19... c4 $14 20. Qa3 Nc5) 20. Qf3 $1 $18 {[%cal Rf3h5]} cxd4 (20... Qb8 $18) 21. Nd3 {[%cal Be5d3,Bd3f4,Bf4g6][%mdl 32]} Nc5 22. Nf4 $1 (22. Qxh5 $6 Nxd3 23. exd3 Qa4 $11) 22... Qa4 $2 {[%mdl 8192]} (22... Qa5 $1 $14 23. Qxh5 Qd2) 23. Qxh5 {Threatens to win with Ng6!} Rfe8 {[#]} ({Wrong is} 23... Qxb5 $2 24. Ng6 $1 $18 {[%mdl 512]}) 24. Ng6 $1 {[%mdl 512]} fxg6 25. fxg6 Rd7 ({Worse is} 25... Qxb5 26. Qh7+ Kf8 {[#]} 27. Rxf6+ $1 {[%mdl 512]} gxf6 28. Qf7#) 26. Qh7+ $40 {[%mdl 128] Black is in trouble.} Kf8 {[#]} 27. Rxf6+ $1 {[%mdl 512]} gxf6 {[#]} 28. g7+ $1 {[%mdl 512]} Rxg7 29. Qh8+ Kf7 30. Nd6+ Ke7 31. Nf5+ ({Not} 31. Qxg7+ Kxd6 32. Qxf6+ Ne6 $15) 31... Kd8 32. Qxg7 Re6 33. h4 {[%cal Bh2h4,Bh4h5][%mdl 32] White is clearly winning.} Qb4 34. h5 Qxb2 35. Rf1 {Precision: White = 99%, Black = 35%.} 1-0

[Event "27th CRO-chT 1A-Men 2018"]
[Site "Biograd"]
[Date "2018.09.15"]
[Round "8.2"]
[White "Beliavsky, Alexander G"]
[Black "Predke, Alexandr"]
[Result "1/2-1/2"]
[WhiteElo "2540"]
[BlackElo "2612"]
[Annotator "TA"]
[PlyCount "104"]
[EventDate "2018.09.08"]
[EventType "team-tourn"]
[EventCountry "CRO"]
[SourceTitle "playchess.com"]
[Source "ChessBase"]
[SourceQuality "1"]

{[%evp 17,104,14,23,-4,0,-7,-14,-27,0,0,0,0,14,15,22,6,45,11,22,19,54,0,93,-8,-8,-8,-8,-8,-7,-8,-7,-9,-7,-7,-6,-18,-18,-37,-33,-71,-70,-66,-33,-38,0,-74,0,-37,-30,-24,-22,-22,-22,-27,-28,-31,-14,-17,0,-26,0,-29,-9,-10,0,-7,0,-12,0,0,0,-4,0,0,0,-6,0,0,0,0,0,0,0,-7,0,0,0,0,0]} 1. d4 d5 2. c4 dxc4 3. e4 Nc6 4. Nf3 Bg4 5. Bxc4 Bxf3 (5... e6 6. Be3 Bxf3 7. gxf3 Qf6 8. e5 Qh4 9. Bb5 Bb4+ 10. Nc3 Nge7 11. a3 Bxc3+ 12. bxc3 O-O 13. Qd2 Nd5 {½-½ (77) Grover,S (2484)-Kanep,M (2446) chess.com INT 2018}) 6. Qxf3 {D20: Queen's Gambit Accepted: 3 e3 and 3 e4} e6 7. d5 Ne5 8. Qb3 Nxc4 9. Qxc4 exd5 {LiveBook: 3 Games} 10. exd5 Qe7+ 11. Be3 Qb4+ 12. Nd2 $146 ({Predecessor:} 12. Qxb4 Bxb4+ 13. Ke2 {0-1 (37) Song,M (2229)-Plotkin,V (2234) Aurora 2013}) 12... Qxc4 13. Nxc4 Bb4+ 14. Ke2 Nf6 15. Rhd1 O-O-O 16. d6 Rhe8 {[%cal Rb4d6]} 17. Kf1 b6 {[%cal Rb4d6]} ({Reject} 17... cxd6 $6 18. Bxa7 b5 19. a3 $16) 18. Rac1 Kb7 {[%cal Rb4d6]} 19. Bf4 (19. dxc7 $14 Rxd1+ 20. Rxd1) 19... Re4 {[#]} (19... b5 $11 {keeps the balance.} 20. a3 Re4 21. axb4 Rxc4 22. Rxc4 bxc4) 20. Bg3 (20. g3 $1 $16) 20... Nh5 $1 $11 21. Nd2 $132 {[%mdl 2048] White is fighting back} Nxg3+ 22. hxg3 Rd4 23. dxc7 Rc8 24. Nf3 Rxd1+ 25. Rxd1 Rxc7 {[%mdl 4096] Endgame KRB-KRN} 26. Ne5 Rc2 27. Nd3 Bd2 28. Rb1 b5 29. Ke2 {[#] Threatens to win with Kd1.} Bg5+ (29... Ba5+ {is more complex.} 30. Kf1 f5 31. a3 g6 32. Rd1 Kc7) 30. Kf1 Bd2 31. Ke2 {aiming for Kd1.} Bg5+ (31... Ba5+ {with more complications.} 32. Kf1 h5 33. Rd1 f6 34. Rb1 g6) 32. Kf1 $1 Kb6 33. Ne1 Rc6 34. Rd1 Bf6 35. b3 a6 36. Ke2 Re6+ 37. Kf1 Rc6 38. Ke2 Re6+ 39. Kf1 Bc3 40. Nc2 {The position is equal.} Rc6 41. Ne3 Bb4 42. Ke2 Bc5 43. Nd5+ Kb7 44. Nf4 Bd6 45. Rd2 a5 46. Kd1 g6 47. Rd5 Rb6 48. Nd3 Kc6 49. Rd4 Rb8 50. Kd2 Re8 51. a4 Rb8 52. Kc3 bxa4 {Precision: White = 57%, Black = 44%.} 1/2-1/2

[Event "27th CRO-chT 1A-Men 2018"]
[Site "Biograd"]
[Date "2018.09.15"]
[Round "8.3"]
[White "Martinovic, Sasa"]
[Black "Sebenik, Matej"]
[Result "1-0"]
[WhiteElo "2567"]
[BlackElo "2570"]
[Annotator "TA"]
[PlyCount "71"]
[EventDate "2018.09.08"]
[EventType "team-tourn"]
[EventCountry "CRO"]
[SourceTitle "playchess.com"]
[Source "ChessBase"]
[SourceQuality "1"]

{[%evp 27,71,10,8,23,92,24,87,16,59,35,38,24,70,65,79,70,314,204,377,385,338,349,320,0,0,0,0,0,0,0,195,183,282,273,29987,29988,29988,29989,29989,29990,29994,1218,721,0,29994,29995]} 1. d4 e6 2. c4 Nf6 3. Nc3 Bb4 4. e3 c5 5. Nge2 cxd4 6. exd4 d5 7. a3 Be7 8. Nf4 dxc4 9. Bxc4 Nc6 10. Be3 O-O 11. O-O Bd6 {E42: Nimzo-Indian: Rubinstein: 4...c5 5 Ne2} 12. Nh5 Nd5 13. Ba2 Nxc3 14. bxc3 e5 {[#] LiveBook: 3 Games} 15. Rb1 $146 ({Predecessor:} 15. Qd2 exd4 16. cxd4 Qa5 17. Qe2 Bf5 18. Qf3 Bg6 19. Nf4 Bf5 20. Nh5 Bg6 21. Nf4 Bf5 22. Nh5 {½-½ (22) Gelfand,B (2738)-Mchedlishvili,M (2659) Istanbul 2012}) 15... Bf5 (15... Bxa3 $11 {keeps the balance.} 16. h3 exd4 17. cxd4 Bd6) 16. Rb5 (16. Rxb7 $16 {aiming for Ng3.} Qc8 17. Ng3 (17. Qb3 Na5 $17)) 16... Qc8 (16... Bg6 $11) 17. h3 ({White should try} 17. Ng3 $16) 17... a6 18. Rd5 $1 {[%cal Rd5d6,Bb5d5,Bd5d2,Bd2d3,Bd3f3,Bf3g3][%mdl 32]} Bxa3 19. dxe5 Ne7 20. Rd2 Bc5 {next ...Bxe3 is good for Black.} 21. Qf3 Be6 $2 (21... Bxe3 $14 22. Qxe3 Ng6) 22. Bh6 (22. Bxe6 fxe6 23. Qg4 Nf5 $16) 22... gxh6 $2 (22... Bxa2 23. Bxg7 Rd8 24. Rxa2 Qf5) 23. Qf6 $1 $18 {[%csl Gh5][%cal Rf6g7]} Nf5 24. Rd3 $1 {[%cal Rd3g3] White threatens Rg3+! and mate.} Re8 (24... Bxa2 25. Rg3+ $1 {[%mdl 512]} Nxg3 26. Qg7#) 25. Bb1 $2 $40 {[%mdl 128] White mounts an attack.} (25. Rf3 $1 $18 {[%cal Rf3f5] Intending Rxf5! and mate.} Qd8 26. Bxe6 (26. Rxf5 Qxf6 27. Nxf6+ Kh8 $16) 26... Rxe6 27. Rg3+ $1 {[%mdl 512]} Kf8 28. Qxf5) 25... Bf8 $11 {Strongly threatening ...a5.} 26. Rf3 {[%cal Rb1f5]} Ne7 {Threatens to win with ...Ng6.} 27. Rg3+ $1 Ng6 $1 {White must now prevent ...Qc5.} 28. f4 $1 {[%cal Bf2f4,Bf4f5][%mdl 32]} Bc4 $2 {[#]} (28... Qc7 $11) 29. f5 $1 $18 {[%cal Rf5g6][%mdl 512]} Qc5+ (29... Re6 {was called for.} 30. fxe6 Qxe6) 30. Rf2 Re7 $2 ({But not} 30... Rxe5 $2 31. fxg6 Qxf2+ 32. Kxf2 $18) (30... Qc6 $18 31. e6 (31. fxg6 fxg6 32. e6 Qxe6 $11) 31... Rxe6 32. fxe6 Qxe6) 31. fxg6 fxg6 32. Bxg6 hxg6 33. Qxg6+ Kh8 34. Qf6+ (34. Nf6 $142 Qd5 35. Nxd5 Bg7 36. Nxe7 Rg8 37. Nxg8 Bf8 38. Rxf8 Bxg8 39. Rxg8#) 34... Kh7 35. Qg6+ (35. Kh2 $18 Qc8 36. Rf4) 35... Kh8 36. Nf6 {Precision: White = 70%, Black = 26%.} 1-0

[Event "27th CRO-chT 1A-Men 2018"]
[Site "Biograd"]
[Date "2018.09.15"]
[Round "8.4"]
[White "Tica, Sven"]
[Black "Cvitan, Ognjen"]
[Result "0-1"]
[WhiteElo "2442"]
[BlackElo "2489"]
[Annotator "TA"]
[PlyCount "80"]
[EventDate "2018.09.08"]
[EventType "team-tourn"]
[EventCountry "CRO"]
[SourceTitle "playchess.com"]
[Source "ChessBase"]
[SourceQuality "1"]

{[%evp 19,80,0,4,10,32,0,13,-19,-15,0,41,26,78,23,11,0,0,0,0,11,25,0,0,0,0,0,0,-29,35,48,43,60,52,0,0,0,11,0,0,-25,-27,-46,-24,-17,-8,-9,0,0,0,-71,-67,-522,-539,-520,-547,-547,-547,-547,-547,-547,-539,-836,-822]} 1. d4 Nf6 2. c4 e6 3. g3 c5 4. d5 exd5 5. cxd5 d6 6. Nc3 g6 7. Bg2 Bg7 8. Nf3 O-O 9. O-O Re8 10. Bf4 Na6 11. Re1 {A62: Modern Benoni: Fianchetto Variation without early ...Nbd7} Bf5 12. Nh4 Bd7 $1 13. a4 $146 {The position is equal.} ({Predecessor:} 13. e4 c4 14. Qd2 Nc5 15. Bxd6 Nd3 16. Nf3 Ng4 17. Re2 Qb6 18. Bf4 Qxb2 19. Qxb2 Nxb2 {0-1 (40) Navara,D (2737)-Morozevich,A (2675) Biel 2017}) 13... Ng4 {[#] aiming for ...g5.} 14. Nf3 c4 {...Qb6 is the strong threat.} 15. h3 Ne5 (15... Nf6 $11 {remains equal.}) 16. Nd2 (16. Nxe5 $16 Bxe5 17. Bxe5 Rxe5 18. Qd4) 16... Rc8 $11 17. Be3 f5 $1 18. Nb5 Bxb5 19. axb5 Nc5 20. Ra3 Qd7 21. Qc2 Qxb5 22. Rxa7 Qb4 23. Rd1 Ned7 (23... b5 $11) 24. Qxc4 $14 Qxb2 25. Rb1 Qf6 26. Qf4 Ra8 27. Rxa8 Rxa8 28. Rb4 Qc3 29. Qc4 Ra1+ 30. Bf1 Rd1 31. Nf3 Qa1 $36 {[%mdl 2048] White is under pressure.} 32. Nh2 Bc3 33. Bxc5 Nxc5 34. Qb5 (34. Rxb7 $11 {keeps the balance.} Nxb7 35. Qc8+ Kg7 36. Qxb7+ Kh6 37. Qf7) 34... Kf7 ({But not} 34... Rxd5 $6 35. Qe8+ Kg7 36. Qe7+ Kg8 37. Qe8+ Kg7 38. Qe7+ Kg8 39. Qe8+ $16) 35. Rh4 $2 {[%mdl 8192] [#]} ({White should play} 35. Rc4 $15) 35... Rb1 $1 $19 {[%cal Rb1b5] Black is clearly winning.} ({Less strong is} 35... h5 36. Qb6 $17) 36. Qc4 Rb4 37. Qxb4 Bxb4 38. Rxb4 Qa5 39. Rb1 b5 40. e4 Qa2 {Precision: White = 33%, Black = 73%.} 0-1

[Event "27th CRO-chT 1A-Men 2018"]
[Site "Biograd"]
[Date "2018.09.15"]
[Round "8.5"]
[White "Kurajica, Bojan"]
[Black "Golubovic, Boris"]
[Result "0-1"]
[WhiteElo "2526"]
[BlackElo "2386"]
[Annotator "TA"]
[PlyCount "70"]
[EventDate "2018.09.08"]
[EventType "team-tourn"]
[EventCountry "CRO"]
[SourceTitle "playchess.com"]
[Source "ChessBase"]
[SourceQuality "1"]

{[%evp 9,70,-46,-18,-48,-55,-49,-52,-106,-101,-117,-111,-130,-88,-104,-129,-114,-71,-136,-127,-166,-152,-155,-106,-178,-152,-210,-131,-146,-144,-237,-237,-220,-147,-142,-135,-145,-95,-103,-96,-107,-97,-116,-81,-92,-99,-285,-242,-322,-297,-344,-361,-361,-314,-677,-654,-786,-777,-1073,-1066,-1063,-1031,-1027,-1020]} 1. d4 d5 2. e3 Nf6 3. g3 (3. c4 g6 4. Nc3 Bg7 5. Nf3 O-O 6. cxd5 Nxd5 7. Qb3 Nxc3 8. bxc3 c5 9. Be2 Nc6 10. O-O Qc7 11. Rb1 b6 12. Ba3 Na5 13. Qa4 Bf5 14. Rbc1 Rfd8 15. Rfd1 Bd7 16. Qc2 Be6 17. Nd2 Rac8 18. Ba6 cxd4 19. Bxc8 {0-1 (48) Song,M (2415)-Li,C (2720) chess.com INT 2017}) 3... Nc6 4. Bg2 e5 5. Ne2 Bf5 6. h3 $146 {D00: 1 d4 d5: Unusual lines} ({Predecessor:} 6. O-O Qd7 7. Re1 Be7 8. a3 O-O 9. Nd2 Rfe8 10. b4 exd4 11. exd4 Bxb4 12. axb4 Nxb4 {0-1 (35) Vinoth Kumar,M (2238)-Islam,K (2312) Dhaka 2005}) 6... h5 7. a3 Qd7 8. c3 (8. b4 $15) 8... Bd6 $17 9. Nd2 O-O-O 10. b4 Kb8 11. Nb3 Be4 12. f3 Bf5 13. Nc5 (13. b5 $142 Ne7 14. dxe5 Bxe5 15. a4) 13... Qc8 $36 {[%mdl 2048] White is under strong pressure.} 14. Bd2 Rhe8 15. Qa4 Nd7 16. Nxd7+ (16. Rd1 $17 {keeps fighting.}) 16... Qxd7 ({Don't do} 16... Rxd7 17. b5 $15) 17. Kf2 (17. b5 $17 Ne7 18. e4) 17... e4 18. b5 Ne7 19. c4 (19. fxe4 $17 {was worth a try.} Bxe4 20. Bxe4 dxe4 21. Rag1) 19... exf3 $19 20. Bxf3 h4 21. g4 Bd3 22. c5 Bxb5 23. Qc2 {[#]} Bg3+ $1 {[%mdl 512]} 24. Nxg3 hxg3+ 25. Kxg3 Ng8 26. g5 f6 27. h4 $2 (27. Bg4 $17 Qe7 28. Rab1) 27... fxg5 28. hxg5 Rf8 29. Bg4 Qf7 {[#] ( -> ...Qf2+)} 30. Rh2 Ne7 31. Rb1 $2 (31. c6 Nxc6 32. a4) 31... Bd7 {Black is clearly winning.} 32. Be2 Bf5 33. Qb3 Bxb1 34. Qxb1 Nf5+ 35. Kg2 Qg6 {Precision: White = 25%, Black = 78%.} 0-1

[Event "27th CRO-chT 1A-Men 2018"]
[Site "Biograd"]
[Date "2018.09.15"]
[Round "8.6"]
[White "Petrov, Jole"]
[Black "Rogic, Davor"]
[Result "0-1"]
[WhiteElo "2397"]
[BlackElo "2519"]
[Annotator "TA"]
[PlyCount "92"]
[EventDate "2018.09.08"]
[EventType "team-tourn"]
[EventCountry "CRO"]
[SourceTitle "playchess.com"]
[Source "ChessBase"]
[SourceQuality "1"]

{[%evp 14,92,22,25,42,29,42,47,75,67,63,60,87,87,94,82,87,91,86,86,101,83,78,79,87,91,108,104,110,115,113,81,122,-36,-37,-56,-45,-29,-36,-54,-4,-74,-59,-79,-86,-73,-49,-43,-28,-44,-16,-8,-8,-27,-13,-64,-61,-112,-85,-113,-110,-318,-302,-284,-168,-400,-328,-312,-269,-523,-561,-518,-537,-507,-502,-29978,-29979,-29995,-29996,-29998,-29999]} 1. d4 d5 2. c4 c6 3. Nf3 Nf6 4. Qc2 g6 5. Bf4 Bg7 6. e3 O-O 7. Nc3 Na6 8. a3 {LiveBook: 21 Games. D93: Grünfeld: 4 Nf3 Bg7 5 Bf4 0-0 6 e3} (8. Be2 Bf5 9. Qb3 Qb6 10. Qxb6 axb6 11. cxd5 Nxd5 12. Nxd5 cxd5 13. Kd2 Rfc8 14. Rhc1 Nc5 15. Ke1 Na4 16. b3 {0-1 (60) Postny,E (2569)-Saric,I (2662) Mali Losinj 2017}) 8... Qa5 9. Be5 Bf5 $146 ({Predecessor:} 9... Be6 10. Nd2 Nb8 11. Nb3 Qd8 12. cxd5 cxd5 13. Be2 Nc6 14. Bg3 Bf5 15. Qd2 Na5 16. Nxa5 Qxa5 17. Be5 Rfc8 {½-½ (17) Barbero,G (2495)-Milos,G (2530) Buenos Aires 1991}) 10. Qb3 {White is slightly better.} dxc4 11. Bxc4 ({Don't play} 11. Qxb7 {[#]} Rab8 $1 $17 {[%mdl 512]}) 11... b5 12. Be2 Qb6 13. O-O Nc7 {[%cal Ba6c7,Bc7e6,Be6g5,Bg5h3][%mdl 32]} 14. a4 {[%cal Ra4b5]} a6 15. Rfc1 Be6 16. Qc2 Rac8 17. Ng5 Bf5 18. Qb3 Ne6 19. Nf3 Bh6 20. axb5 axb5 21. h3 Ng5 22. Nd2 Qd8 23. Bf4 $2 (23. Qd1 $16) 23... Nxh3+ $1 $15 24. gxh3 Bxf4 25. exf4 Qxd4 26. Nf1 Qxf4 27. Ng3 (27. Nd1 $11) 27... Bxh3 $17 {White must now prevent ...h5.} 28. Re1 Rfd8 {...Be6 is the strong threat.} 29. Nce4 Be6 $40 {[%mdl 128] Black has some attack.} (29... Nd5 {is interesting.} 30. Qf3 h5 31. Nc3 Qg5 32. Nxd5 cxd5 33. Bf1 Be6) 30. Qe3 Qxe3 31. fxe3 Nxe4 32. Nxe4 Rd5 33. Bf3 Re5 34. Nc3 (34. Kf2 $11) 34... b4 $15 35. Na4 (35. Ne2 $15) 35... c5 {[%cal Bc6c5,Bc5c4][%mdl 32]} 36. Rac1 c4 37. e4 $2 (37. Nb6 $17 Rc7 38. e4) 37... Rc6 $19 38. Red1 Ra6 (38... Ra5 $142 39. Rd8+ Kg7) 39. Rd8+ $2 (39. b3) 39... Kg7 40. Bd1 Raa5 41. Rb8 $2 (41. Rd4 {was forced.}) 41... Rxe4 {Strongly threatening ...Rf4.} 42. Rxb4 Rg5+ 43. Kf2 Rf5+ 44. Kg2 {[#]} (44. Bf3 $19 Ref4 45. Rc3) 44... Bd5 {Black mates.} 45. Nc3 Re2+ 46. Kg1 Rg2+ {Precision: White = 33%, Black = 65%.} 0-1

[Event "27th CRO-chT 1A-Men 2018"]
[Site "Biograd"]
[Date "2018.09.15"]
[Round "8.7"]
[White "Hracek, Zbynek"]
[Black "Postny, Evgeny"]
[Result "0-1"]
[WhiteElo "2557"]
[BlackElo "2621"]
[Annotator "TA"]
[PlyCount "110"]
[EventDate "2018.09.08"]
[EventType "team-tourn"]
[EventCountry "CRO"]
[SourceTitle "playchess.com"]
[Source "ChessBase"]
[SourceQuality "1"]

{[%evp 21,110,28,38,3,43,8,47,39,56,41,70,44,50,32,40,48,61,62,63,52,74,61,78,85,68,29,53,30,93,21,10,1,2,16,7,0,0,0,0,-10,0,0,0,-131,-123,-88,-36,-133,-99,-87,-87,-211,-216,-226,-213,-226,-220,-432,-412,-483,-479,-491,-474,-550,-554,-549,-532,-529,-546,-652,-647,-635,-639,-634,-630,-589,-583,-472,-546,-681,-580,-694,-686,-771,-786,-777,-767,-731,-722,-744,-743]} 1. e4 c6 2. d4 d5 3. Nc3 dxe4 4. Nxe4 Bf5 5. Ng3 Bg6 6. Nf3 Nd7 7. Bd3 e6 8. O-O Ngf6 9. c4 Bd6 10. Re1 O-O 11. Bxg6 hxg6 {LiveBook: 5 Games} 12. Qc2 {B18: Classical Caro-Kann: 4...Bf5 sidelines} (12. b3 b5 13. Bg5 bxc4 14. bxc4 Qc7 15. Qd2 Rfe8 16. c5 Bxg3 17. hxg3 Nd5 18. Bf4 Nxf4 19. Qxf4 {½-½ (19) Bodiroga,P (2325)-Epishin,V (2549) Nova Gorica 2016}) 12... Qc7 13. b3 b5 $146 ({Predecessor:} 13... Rfe8 14. Bb2 a5 15. a4 Rad8 16. Rad1 c5 17. d5 exd5 18. Rxe8+ Rxe8 19. cxd5 Nb6 {½-½ (29) Rosche,E (2379)-Halliwell,T (2300) Remote email 2013}) 14. c5 {White is slightly better.} Be7 15. Bg5 Rfe8 16. h4 Rad8 17. Rad1 Nf8 18. Ne2 N8h7 19. Bf4 Qc8 20. Bd2 Qb7 21. g3 Nd5 22. Kg2 Bf6 23. Ne5 Qc7 24. Qe4 Ne7 (24... Bxe5 $11 {remains equal.} 25. dxe5 Rd7) 25. Bf4 (25. Nf3 $16) 25... Bxe5 $1 $11 26. dxe5 Rxd1 27. Rxd1 Nd5 28. Bc1 Nf8 29. Bb2 Rd8 {And now ...Nf4+! would win.} 30. Rh1 Ne7 31. Bc3 a5 32. h5 (32. a3 $11 {keeps the balance.}) 32... b4 $17 33. Bd4 {[#]} Qd7 (33... gxh5 $1 $17 34. Rxh5 Nfg6) 34. Be3 (34. hxg6 $1 $15 Nfxg6 35. Rd1) 34... Qd5 $36 {[%mdl 2048] Black is really pushing.} 35. Qxd5 Rxd5 36. f4 (36. Nf4 $17 {was called for.} Rxe5 37. hxg6) 36... gxh5 $19 37. Rxh5 Rd3 38. Bf2 Rd2 39. Nd4 $2 {[#]} (39. Nc1) 39... Nd7 40. Rh1 Nxc5 {Black is clearly winning.} 41. Kf3 Rxa2 42. Be3 {White hopes to continue with Rc1.} Ra3 43. Rb1 {Now Nxc6 and White clings on.} Nd5 44. Bc1 Ra2 45. Nxc6 Nc3 46. Rb2 Rxb2 47. Bxb2 Nxb3 {[%mdl 4096] Endgame KBN-KNN} 48. Ke3 {If only White now had time for Bxc3....} Nd5+ 49. Kd3 a4 50. Kc2 Nc5 51. Bd4 Ne4 52. g4 b3+ 53. Kb2 Nxf4 54. Ka3 Nd3 55. Na5 Nd2 {Precision: White = 37%, Black = 50%.} 0-1